Most Appearances in the Champions League From Argentina - Statistics

General Stats
  • This quiz has been taken 139 times
  • The average score is 16 of 26
Answer Stats
# Apps. Main Team(s) Years Pos. Answer % Correct
1 163 Barcelona, Paris Saint-Germain 2004-2023 FW Lionel Messi
100%
2 106 Paris Saint-Germain, Real Madrid 2007-'08, 2010-'14, 2015- RW/LW Ángel Di María
95%
6 79 Manchester City, Atlético Madrid 2008-'10, 2011-'22 FW Sergio Agüero
95%
4 96 Barcelona, Liverpool 2006-2018 DM/CB Javier Mascherano
90%
3 97 Inter Milan 1998-'99, 2002-'12 RB Javier Zanetti
90%
5 83 Real Madrid, Juventus 2006-'14, 2016-'18, 2019-'20 FW Gonzalo Higuaín
89%
19 53 Juventus 2015-2022 FW Paulo Dybala
84%
6 79 Manchester City, Benfica 2011-'14, 2015-'20, 2021- CB Nicolás Otamendi
82%
22 46 Manchester United, Juventus 2007-'09, 2011-'15 FW Carlos Tévez
77%
11 65 Inter Milan, Chelsea 1997-'98, 2000-'08 FW Hernán Crespo
75%
15 60 Manchester United, Lazio 1999-2006 MF Juan Sebastián Verón
74%
16 58 Real Madrid 1955-1964 FW Alfredo Di Stéfano
73%
10 67 Bayern Munich, Manchester City 2003-'07, 2008-'11, 2012-'16 CB/DM Martín Demichelis
70%
6 79 Inter Milan, Real Madrid 2002-'12, 2015-'16 DM Esteban Cambiasso
68%
11 65 Atlético Madrid 2015- FW/AM Ángel Correa
63%
9 72 Inter Milan, AS Roma 2001-'03, 2004-'12, 2014-'15 DF Walter Samuel
59%
17 56 Barcelona, Benfica 2001-'03, 2004-'05, 2006-'09, 2010-'14 FW Javier Saviola
56%
25 43 Real Madrid, AC Milan 1995-'96, 1997-'00, 2002-'04 MF Fernando Redondo
42%
21 47 FC Porto, Olympique Lyon 2005-2012 FW Lisandro López
42%
13 63 FC Porto, Olympique Marseille 2005-2014 AM/RM Lucho González
31%
20 48 Inter Milan, Feyenoord 1997-'98, 1999-'00, 2003-'09 FW Julio Cruz
30%
14 61 Real Madrid, Inter Milan 2000-2008 LM Santiago Solari
28%
25 43 Benfica, Zenit St. Petersburg 2009-'16, 2018-'20 CB Ezequiel Garay
27%
18 54 Deportivo La Coruña, Lazio 2000-'05, 2007-'08 RM/RB Lionel Scaloni
23%
22 46 Benfica, Atlético Madrid 2010-2018 AM/RW Nicolás Gaitán
23%
24 45 Valencia 1999-'01, 2002-'03, 2004-'05 CB Mauricio Pellegrino
11%
No matching quizzes found
Score Distribution
Percent of People with Each Score
Percentile by Number Answered
Your Score History
You have not taken this quiz